Deus no céu e o mercado na terra / (Record no. 1169)

MARC details
000 -LÍDER
Campo Fixo de Controle 00858nam a2200289 a 4500
001 - NÚMERO DE CONTROLE
Campo de Controle 1169
003 - IDENTIFICAÇÃO DO NÚMERO DE CONTROLE
Campo de Controle BR-CuiBMT
005 - DATA E HORA DA ÚLTIMA ATUALIZAÇÃO
Campo de Controle 20231130163704.0
008 - DADOS FIXOS
Dados Fixos 231128s2004 rjb 001 0 por d
020 ## - INTERNATIONAL STANDARD BOOK NUMBER
Nº do ISBN 8501062243
040 ## - AGÊNCIA CATALOGADORA
Código da Agência Catalogadora BR-CuiBMT
Agência que transcreveu o registro BR-CuiBMT
080 ## - Nº DA CLASSIFICAÇÃO DECIMAL UNIVERSAL
Nº edição CDU 2007
Nº Class. CDU 330.342.14
090 ## - NÚMERO DE CHAMADA
Nº classificação 330.342.14
Cutter F828d
100 1# - ENTRADA PRINCIPAL -- AUTOR PESSOAL
Nome pessoal Frank, Thomas,
Datas associadas ao nome 1965-
240 10 - TÍTULO UNIFORME/ORIGINAL
Título original One market under god
Idioma da publicação Português
245 1# - TÍTULO PRINCIPAL
Título principal Deus no céu e o mercado na terra /
Indicação de responsabilidade Thomas Frank ; tradução de Maria Luiza X. de A. Borges.
260 ## - PUBLICAÇÃO, DISTRIBUIÇÃO, ETC.
Local de publicação Rio de Janeiro :
Editora Record,
Data 2004.
300 ## - DESCRIÇÃO FÍSICA
N. páginas ou volumes 494 p.:
Dimensões 21 cm
500 ## - NOTAS GERAIS
Notas gerais Tradução de: One market under god.
504 ## - NOTA DE BIBLIOGRAFIA, ETC.
Nota de bibliografia Inclui bibliografia e índice.
650 ## - ASSUNTO TÓPICO
Cabeçalho tópico ou nome geográfico Capitalismo
650 ## - ASSUNTO TÓPICO
Cabeçalho tópico ou nome geográfico Populismo
650 ## - ASSUNTO TÓPICO
Cabeçalho tópico ou nome geográfico Kitsch
650 ## - ASSUNTO TÓPICO
Cabeçalho tópico ou nome geográfico Mercado de capitais
650 ## - ASSUNTO TÓPICO
Cabeçalho tópico ou nome geográfico Justiça distributiva
942 ## - ELEMENTOS DE ENTRADA ADICIONAIS (KOHA)
Fonte de classificação ou esquema de arquivamento Classificação Decimal Universal
Tipo de item do Koha Livros
Holdings
Estado: removido Estado: perdido Fonte de classificação ou esquema de arquivamento Estado: danificado Indisponível para empréstimo Localização permanente Localização atual Data de aquisição Total Checkouts Número de Chamada completo Código de barras Date last seen Número do exemplar Preço efetivo a partir de Tipo de item (Koha)
    Classificação Decimal Universal     Biblioteca da Escola Superior de Contas do TCE/MT Biblioteca da Escola Superior de Contas do TCE/MT 30/11/2023   330.342.14 F828d BIBTCEMT23111378 30/11/2023 Ex. 1 30/11/2023 Livros

Powered by Koha